000 00504nam a2200157Ia 4500
008 220216s9999 xx 000 0 und d
100 _aWimalajeewa D L S
245 0 _aIncidence and economic importance of the Gloeosporium leaf disease of Hevea in Ceylon : Part 1- Planters assessment
260 _bRubber Research Institute of Ceylon Quarterly Journal
_c1963
300 _a18-24
650 _aCeylon
650 _aGloeosporium leaf disease
650 _aHevea
700 _aLloyd J H
942 _cJS
999 _c60976
_d60976